Uso de la interfaz IEEE 488 para adquisición de datos con el medidor multifunción Fluke 8846a
Zapisane w:
| 1. autor: | |
|---|---|
| Kolejni autorzy: | |
| Format: | Książka |
| Wydane: |
[San José, Costa Rica]
2009
|
| Hasła przedmiotowe: | |
| Etykiety: |
Dodaj etykietę
Nie ma etykietki, Dołącz pierwszą etykiete!
|
MARC
| LEADER | 00000nam a2200000Ia 4500 | ||
|---|---|---|---|
| 003 | 001451 | ||
| 005 | 20240110144642.0 | ||
| 008 | 140114s2009 cr a 000 ||s d | ||
| 040 | |c cru CEDI | ||
| 090 | |a TFG 5970 | ||
| 100 | |a Solera Urcuyo, Rodolfo, 1986- |9 775 | ||
| 245 | |a Uso de la interfaz IEEE 488 para adquisición de datos con el medidor multifunción Fluke 8846a | ||
| 260 | |b [San José, Costa Rica] |c 2009 | ||
| 300 | |a 44 hojas; ilustraciones | ||
| 500 | |a Proyecto de graduación (bachillerato en ingeniería eléctrica)--Universidad de Costa Rica. Facultad de Ingeniería. Escuela de Ingeniería Eléctrica | ||
| 501 | |a Profesor Guía de IE-0502 Proyecto Eléctrico: Ing. Luis Diego Marín Naranjo | ||
| 650 | |x MEDIDOR DE FLUJOS |x INVESTIGACIONES |9 3556 | ||
| 700 | |a Marín Naranjo, Luis Diego, 1960- |d Director de Proyecto Eléctrico |9 808 | ||
| 942 | |c TFG |h TFG 5970 |i 001451 |6 TFG_5970_001451000000000 | ||
| 999 | |c 16258 |d 16258 | ||
